Normal view MARC view

Entry Corporate Name

Number of records used in: 1

001 - CONTROL NUMBER

  • control field: 12691

003 - CONTROL NUMBER IDENTIFIER

  • control field: dpl

005 - DATE AND TIME OF LATEST TRANSACTION

  • control field: 20100813143203.0

008 - FIXED-LENGTH DATA ELEMENTS

  • fixed length control field: 100813|||a|||||| | ||| d

040 ## - CATALOGING SOURCE

  • Original cataloging agency: dpl
  • Transcribing agency: dpl

110 ## - HEADING--CORPORATE NAME

  • Corporate name or jurisdiction name as entry element: Research and Information System for the Non-aligned and Other Developing Countries.

670 ## - SOURCE DATA FOUND

  • Source citation: Work cat.: (dpl)0: South Asia development and cooperation report, 2008 /, 2008

670 ## - SOURCE DATA FOUND

  • Source citation: Work cat.: (dpl)0: South Asia development and cooperation report, 2008 /, 2008

© Delhi Public Library
Hit Counter
free hit counter